000 00608nam a2200217 a 4500
001 000035563
003 DO-SdBNP
005 20210712085126.0
008 111103s2007 dr 000 0 spa d
020 _a9993495662
040 _aDO-SdBNP
_bspa
_cBNPHU
082 _a070.41
_bC962p
100 1 _aCuba, Darío
_919090
245 1 0 _aPerfiles de la profesión periodística /
_cDarío Cuba.
260 _aSanto Domingo :
_bEditora Serrallés,
_c2007.
300 _a196 p. ;
_c22 cm.
590 _aInventariado, 2021 / DG
650 4 _aRedación periodística
_979181
910 _aD/G
942 _2ddc
_cLBS1
999 _c35054
_d35054